000 00464nam a22001811a 4500
001 10316
003 OSt
005 20260204212154.0
008 081027s1994||||dr ||||||b||||||||||spa||
050 _aRD 305.31 I5t
100 _aIñiquez, Pablo
245 _aTiempo, el espacio, la vida y el hombre / Pablo Iñiquez
264 _aSanto Domingo : UNPHU
300 _a380 p
500 _aIncluye indice
650 _aHambre - Espacio de VidaÌ
942 _2ddc
_cBK
999 _c10316
_d10316